[Event "100th BC Closed"]
[Site "?"]
[Date "2015.10.12"]
[Round "6"]
[White "Moore, Harry"]
[Black "Cao, Jason"]
[Result "1/2-1/2"]
[WhiteElo "2204"]
[BlackElo "2402"]
[Annotator "John Upper"]
[PlyCount "110"]
[EventDate "2015.10.12"]
[EventCountry "CAN"]
[SourceTitle "Chess Canada - Ketchup 1"]
[SourceDate "2017.03.23"]

1. e4 c5 2. Nc3 {A very interesting game. White plays in old-fashioned
Canadian style -- a KID vs the Sicilian -- but plays the middle-game like a
young man: finding a strong pawn sac for central pressure and what could have
been a big upset.} Nc6 3. g3 g6 4. Bg2 Bg7 5. d3 d6 6. Be3 {Diagram [#]} e6 (
6... e5 {also scores decently, but ...e6 is more ambitious, not conceding any
central square to White.}) (6... Rb8 {preserves both e-pawn options.}) 7. Qd2
Rb8 8. Nge2 Nd4 9. O-O b5 10. Nc1 {Looks odd, but White wants to prevent piece
exchanges with the idea that an eventual c2-c3 and d3-d4 will leave Black
congested.} Ne7 11. Nd1 b4 {Diagram [#]} 12. c3 ({Spassky played these Closed
Sicilian lines regularly; here is one of his later games:} 12. a3 a5 13. axb4
axb4 14. c3 bxc3 15. bxc3 Ndc6 16. Bh6 O-O 17. Bxg7 Kxg7 18. Ne3 d5 19. Qc2 {
Black's kingside looks a bit porus, but after...} d4 $1 20. Nc4 e5 21. Nb3 dxc3
22. Qxc3 Nd4 23. Nxd4 cxd4 24. Qa3 f6 {White wasn't able to exploit it in
Spassky,B (2615)-Portisch,L (2655) Mexico candidates, 1980 (½-½, 50).}) 12...
bxc3 13. bxc3 Ndc6 14. Bh6 O-O 15. Bxg7 Kxg7 16. Ne3 {Diagram [#] "White's
central control and kingside chances grant him a small advantage in this
position which has been reached several times." - Richard Palliser, Starting
Out: The Closed Sicilian (Everyman, 2006)} Ba6 ({The following game clearly
shows White's ideal attack: f2-f4-f5, open a file on the kingside and mate.} 
16... e5 17. Nb3 Ba6 18. f4 f6 19. Rf2 Qb6 20. Raf1 Na5 21. Nxa5 Qxa5 22. Bh3
Qb5 23. c4 Qb7 24. Be6 exf4 25. gxf4 Qb4 26. Qc1 Bc8 27. f5 $1 gxf5 (27... g5
28. Ng4 h5 29. Nxf6 Kxf6 30. Qa1+ $18) 28. Rg2+ Kh8 29. Nd5 Qb7 30. Qh6 Ng8 31.
Bxg8 Rxg8 32. Qxf6+ {1-0 Biyiasas,P-Mednis,E Norristown, 1973.}) (16... Qb6 17.
Nb3 a5 18. Qc2 Ba6 19. Rab1 Ne5 20. c4 N5c6 21. f4 f6 (21... a4 $13) 22. Qc3
Qb4 23. Qa1 $1 $14 {Narciso Dublan,M (2505)-Aroshidze,L (2565) Figueres, 2013 
(1-0, 45).}) 17. Ne2 (17. f4 $1 f5 {Analysis Diagram [#]} (17... Qb6 18. Rf2
$14 {blocking the diagonal and defending b2.}) 18. Rf2 (18. exf5 exf5 (18...
gxf5 $14) 19. Nb3 Qd7 20. Rfe1 Rbe8 21. Re2 (21. d4 $1 $16 c4 $140 22. d5 $1)
21... Ng8 22. Rae1 Nf6 23. c4 h6 24. Nd5 Rxe2 25. Rxe2 Nxd5 26. Bxd5 Re8 27.
Kf2 Rxe2+ 28. Qxe2 Nb4 $11 {Stukopin,A (2380)-Naroditsky,D (2335) Kirishi,
2009 (1-0, 62).}) 18... Qd7 19. Nb3 Bb7 20. g4 a5 $1 21. gxf5 exf5 22. Nd5 Ba8
23. c4 a4 24. Qc3+ Kg8 25. Nd2 Nd4 26. Re1 Rf7 27. Nf1 Nxd5 28. cxd5 Rbf8 29.
e5 dxe5 30. Rxe5 {½-½ Garcia Castro,P (2390)-Peralta,F (2574) Barbera del
Valles, 2009.}) 17... Ne5 18. f4 $1 $146 {An enterprising pawn sac. In all
five other games, White played c3-c4, and Black was OK with a piece on d4.}
Nxd3 19. c4 Nb4 20. f5 $36 {Diagram [#]} Ng8 21. fxe6 (21. Rad1 $5 Qe7 22. a3
$1 Nc6 23. Qxd6 $14 Nd4 $140 $2 24. Rxd4 cxd4 25. f6+ $18) 21... fxe6 22. Rxf8
Qxf8 23. e5 $5 d5 (23... dxe5 $2 24. a3 {wins the N for a couple of pawns.})
24. Nf4 {Diagram [#]} Re8 $6 (24... Qe7 $142 {Black gets more counterplay with
the threat of ....Qxe5.} 25. a3 $1 (25. cxd5 exd5 26. a3 (26. Nexd5 Qxe5 $11)
26... Qxe5 $13 (26... d4 27. axb4 dxe3 28. Qxe3 Bc4 29. bxc5 $18) 27. Re1 Nc6
$13) 25... Nc6 26. cxd5 exd5 27. e6 $14 (27. Ng4 $5)) 25. cxd5 exd5 26. Nexd5
Rxe5 $2 {Diagram [#]Critical Position} 27. Qc3 $2 $16 (27. Qb2 $142 $18 {
doesn't lose a tempo after Nxb4 cxb4, and this gives White time to eliminate a
defender of the Re5.} Qd6 (27... Nc6 $2 28. Ne6+ $18) 28. Nxb4 $8 cxb4 29. Re1
Kf6 30. Nd5+ $1 Ke6 (30... Kf5 $2 31. Bh3+) 31. Qxe5+ $1 Qxe5 32. Nc7+ $8 $18)
27... Qd6 28. Re1 (28. Nxb4 $4 cxb4 29. Qb2 Nf6 $17) 28... Nc6 29. Nc7 Nd4 30.
Rxe5 Qxe5 31. Nxa6 g5 32. Nxc5 {Diagram [#]} gxf4 (32... Nf3+ $5 {is the
computer's choice, but this leads to a queenless endgame which would be harder
for Black to hold.} 33. Qxf3 Qxc5+ 34. Qf2 Qxf2+ 35. Kxf2 gxf4 36. gxf4 $16)
33. Ne6+ $1 Qxe6 34. Qxd4+ Qf6 35. Qxa7+ Kh8 36. gxf4 Qxf4 {Diagram [#]} 37.
Qf2 (37. h3 $5 Qc1+ 38. Kh2 Qf4+ 39. Kh1 Qc1+ 40. Qg1 Qc3 {stopping checks on
the long diagonal} 41. Qf2 Qa1+ 42. Kh2 Qe5+ 43. Qg3 Qa5 44. a4 $16 {and White
starts to make progress.}) 37... Qc1+ 38. Bf1 Qg5+ 39. Qg2 Qe3+ 40. Kh1 Nf6 41.
Qa8+ Kg7 42. Qb7+ Kh8 43. Qb8+ Ne8 44. Qb2+ Ng7 45. Qb8+ Ne8 46. Qb2+ Ng7 47.
h3 h5 48. Qe2 Qf4 49. Qg2 Nf5 $11 50. Qa8+ Kg7 51. Qb7+ Kf6 52. Qc6+ Ke7 53.
Qc5+ Kf6 54. Qf8+ Kg5 55. Qd8+ Kg6 1/2-1/2

[Event "2015 Maritime Open"]
[Site "?"]
[Date "2015.10.12"]
[Round "5"]
[White "Oussedik, Elias"]
[Black "Saunders, Stephen"]
[Result "1-0"]
[WhiteElo "2367"]
[BlackElo "2135"]
[Annotator "Keith MacKinnon"]
[PlyCount "47"]
[EventDate "2015.??.??"]
[SourceTitle "Chess Canada - Ketchup 1"]
[SourceDate "2017.03.23"]

{http://chess.ca/newsfeed/node/718  One Maritime chess player making large
strides in his chess is my good friend, Elias Oussedik. Here is a game he won
in the penultimate round at the recently concluded Maritime Open, in which he
tied for first with another rising player, Adam Dorrance. All Open Sicilian
players will definitely want to have a look at this one!} 1. e4 c5 2. Nf3 d6 3.
d4 cxd4 4. Nxd4 Nf6 5. Nc3 a6 6. Bg5 {One of the critical tests of the Najdorf.
} e6 7. f4 {Diagram [#] The correct follow-up. There are some other moves (Qd2
or Qf3) played less successfully.} Nc6 8. Nxc6 (8. Qd2 Qb6 9. O-O-O Qxd4 {
allows Black to trade a lot of pieces - certainly not something Mr. Oussedik
wanted to do} 10. Qxd4 Nxd4 11. Rxd4 Be7) 8... bxc6 9. Qf3 (9. e5 {leads to
forced play. When playing weaker opponents, it is often good to avoid those
types of moves. The main line continues:} h6 10. Bh4 g5 11. fxg5 Nd5 12. Ne4
Qb6 $13 {It's hard to tell what's going on here, but I can say that this is
the type of position to enter only with strong preparation.}) 9... Qb6 (9...
Be7 10. O-O-O {scores very well for White - and for good reason. White's
pieces are on excellent squares} Qc7 11. e5 dxe5 12. fxe5 Nd5 13. Bxe7 Qxe7 14.
Ne4 {Analysis Diagram [#] Black has some lasting weaknesses (a6, c6) as well
as more immediate problems on d6 and a weak kingside after ...0-0 c4.} O-O 15.
c4 $16 {editor - here's a Spraggett game where his much lower-rated opponent
tried a very worthwhile piece sac which should have paid off when Spraggett
mysteriously weakend his king with a2-a3.} Rb8 $5 (15... Nc7 16. Nf6+ $1 Kh8
17. Bd3 $18) 16. cxd5 exd5 17. Nd2 a5 18. a3 $2 (18. Qc3 $1 $16) 18... g6 (
18... Be6 $142 $44 {and Black doubles Rs on the b-file. If you take just a
quick look at the position it might seem absurd that this could be enough comp
for Black... but just try to defend it as White.}) 19. Qc3 d4 $4 {Either Black
was feeling much too generous, or he had already written off this game as lost.
} 20. Qxd4 Rd8 21. Qc3 Bf5 22. Bc4 $18 {(1-0, 26) Spraggett,K (2581)-Borondo
Garcia,R (2054) Seville, 2006.}) {[#]} 10. Bc4 $5 {A good practical choice
which dares Black to take on b2.} (10. O-O-O Rb8 11. b3 d5 {is theory, but
White's dark squares around his King start to look a bit shaky.} ({There was a
nice White win in the following game, however:} 11... Nd7 12. Kb1 h6 13. Bh4 g5
14. Bg3 Qa5 15. Be1 Qa3 16. g3 a5 17. Bd2 Bg7 18. Bc1 Qc5 19. Bb2 O-O $2 20. h4
$40 Nf6 21. hxg5 hxg5 22. e5 $1 g4 23. exf6 $3 {1-0 Solodovnichenko,Y (2558)
-Lagarde,M (2414) Paris, 2010.})) 10... Be7 (10... Qxb2 {a sample line runs}
11. O-O Qb6+ 12. Kh1 Nd7 $1 $11 {White has full compensation for the pawn, and
he clearly has the initiative. Perhaps} 13. Qh3 Nc5 14. f5 $1) ({I feel like} 
10... d5 11. Bb3 {plays into White's hands by opening lines.}) 11. O-O-O Rb8 ({
editor -} 11... O-O {is the computer's first choice, but one can see why a
human might want to avoid it:} 12. e5 $5 dxe5 13. fxe5 Nd5 14. Bxe7 Nxe7 15.
Ne4 {and White has a risk-free advantage in development and dark-square contol.
}) 12. Bb3 {Here we see the big difference between 10.0-0-0 versus 11.0-0-0
after 10.Bc4} h6 {Diagram [#]} 13. Bh4 (13. Bxf6 $6 {Looks tempting since
Black may need to double his pawns, but on closer inspection, we see that he
can actually sacrifice his d6 pawn for strong compensation} Bxf6 (13... gxf6
14. f5 $14 {thematic}) 14. Rxd6 Be7 15. Rd2 O-O {and ...c5 with the threat of .
..c4 comes quickly. Black also has the two bishops, so he has nothing to worry
about here.}) 13... Bd7 $2 {First real mistake of the game} (13... g5 $2 {
A thematic idea, but it doesn't work here (due to tactical and positional
reasons)} 14. fxg5 Nd7 {controlling the e5 square, but it fails tactically to}
15. g6 $18 (15. Bg3 {even this would be good enough for a large advantage})
15... Bxh4 (15... Ne5 16. gxf7+ {with an extra pawn and terribly exposed Black
K.}) 16. Qxf7+ Kd8 17. g7 $18) 14. Rhe1 {A natural move, but it gives Black
some resources} (14. e5 $16 dxe5 15. fxe5 Nd5 16. Bxe7 Kxe7 17. Kb1 {To avoid .
..Qe3+ (which now drops the Q to Nxd5+) and preparing Rhf1.} Ne3) {[#]} 14...
Qb7 $2 {From this point on, Black has no real chance.} (14... c5 $1 15. e5 Bc6
(15... c4 $2 16. Bf2 Qb4 17. a3 Qb7 18. Qxb7 Rxb7 19. Bxc4 $18) 16. Qh3 dxe5
17. fxe5 Ng8 $1 {and Black is holding on} (17... Nd5 18. Nxd5 Bxd5 19. Bxe7
Kxe7 20. c4 $16) 18. Bf2 $16) 15. e5 $1 {Breaking through.} Nd5 16. Bxe7 Kxe7
17. Ne4 Qb4 18. Nxd6 {Diagram [#]} f5 ({Notice that} 18... Qxf4+ {loses to} 19.
Qxf4 Nxf4 20. Rf1 g5 21. g3 $18) (18... Kf8 {perhaps the best move, but it
should make no difference.} 19. Re4 {and Black is playing without his Rh8 and
almost without the Bd7.}) 19. c4 Nxf4 (19... Nc7 20. g4 $18 {tears away at the
K's loose cover.}) 20. Qxf4 a5 21. Qd2 (21. Nxf5+ exf5 22. e6 {is a pretty
finish, but there was no need to be fancy.}) 21... a4 $2 22. Nxf5+ exf5 23.
Qxd7+ Kf8 24. Qxf5+ {with mate in 4.} 1-0

[Event "Varennes op"]
[Site "?"]
[Date "2015.11.08"]
[Round "5.2"]
[White "Chiku-Ratte, Olivier-Kenta"]
[Black "Zhu, Hong Rui"]
[Result "1-0"]
[WhiteElo "2386"]
[BlackElo "2286"]
[Annotator "Felix Dumont"]
[PlyCount "35"]
[EventDate "2015.11.07"]
[EventRounds "5"]
[EventCountry "CAN"]
[SourceTitle "Chess Canada - Ketchup 1"]
[SourceDate "2017.03.23"]

{http://chess.ca/newsfeed/node/722  It was not my intention to use two of
Olivier's games for the GOTW, but this one could not be overlooked. It's not
every day a strong national master loses in 18 moves! Part of it was clearly
thanks to Olivier's preparation, but the result could have been quite
different if Black had been just a little bit more careful.} 1. d4 d5 2. c4 e6
3. Nc3 c6 4. e4 $5 {Diagram [#] The (other) Marshall Gambit Both players have
played each other countless times, so there is little doubt Olivier-Kenta
wanted to surprise his opponent.} (4. Nf3 Nf6 {would lead to a Semi-Slav
defense, a much more common opening.}) 4... dxe4 5. Nxe4 Bb4+ 6. Bd2 Qxd4 {
Did White just lose a central pawn? Yes, but White hopes to have some serious
play on the dark squares in exchange. White is clearly prepared for this line,
but the question is whether Black also is.} 7. Bxb4 Qxe4+ 8. Be2 (8. Ne2 $5 {
Avoids losing a pawn, but at the cost of less coordinated pieces. Still, the
position can still be surprisingly dangerous for both players!} Na6 9. Bf8 $1
Ne7 (9... Kxf8 10. Qd8#) 10. Bxg7 Rg8 {With an unclear position.}) 8... Na6 {
Diagram [#]} 9. Bd6 {A somewhat odd looking move. Yet, it makes a lot of sense
as by protecting the h2 pawn, White threatens to trap Black's queen if she
captures the h1 rook.} ({Another option was:} 9. Ba5 b6 10. Qd6 Bd7 11. Bc3 f6
12. Nf3 {with quite a few GM games.}) ({editor - Another is the crazy-looking:
} 9. Bf8 $5 Ne7 (9... Kxf8 $4 10. Qd8#) 10. Bxg7 Qxg2 $2 (10... Rg8 $8 $13) 11.
Bf6 $8 $18 Bd7 (11... Qxh1 12. Qd6 $18) 12. Bf3 Qg8 13. Qd6 Nf5 14. Qe5 Qg6 15.
Bxh8 Nb4 16. Rd1 O-O-O 17. Bf6 Rg8 18. Be4 {1-0 Gunina,V (2528)-Alieva,A (1994)
Sochi, 2015.}) 9... Qxg2 10. Qd2 Nf6 (10... Qxh1 $4 11. O-O-O Nf6 (11... Qe4
12. Bg3 $18) 12. Bf3 $18) 11. Bf3 Qg6 12. O-O-O {Diagram [#] The position is
now very hard to evaluate. Black is up two pawns, but has a king in the center
and poorly coordinated pieces.} e5 $1 13. Bxe5 O-O $2 {A seemingly innocent
move. While it now seems Black is out of his theory, White probably had
anticipated this move.} (13... Be6 $1 14. Ne2 Qf5 {And it would be fair to say
that both players have equal chances in this position, although anything can
happen.}) 14. Ne2 {Diagram [#]Critical Position What's better: ...Re8 or ...
Qf5?} Re8 $2 (14... Qf5 $1 {And we now get into an extremely complicated line:}
15. Qe3 Nb4 16. Nd4 {(forced)} Nxa2+ 17. Kd2 Rd8 18. Ke2 {Analysis Diagram [#]}
Qg6 (18... Qd7 19. Rhg1 $18) (18... Qxe5 19. Qxe5 Re8 20. Qxe8+ Nxe8 21. Nxc6
bxc6 22. Rd8 {1-0 Braun,A (2536)-Van der Werf,M (2389) Wijk aan Zee, 2008.}) (
18... Rxd4 $2 19. Bxf6 $1 $18 (19. Rxd4 $143 $2 Be6 20. Rg1 $36 {(1-0, 34)
Kuljasevic,D (2464)-Robson,R (2368) Richardson, 2007.})) 19. Rhg1 Bg4 20. Bxf6
Qxf6 21. Rxg4 {and it's really hard to tell where the game is going, although
White's extra piece may be decisive.}) 15. Rhg1 $1 {And the game is arguably
already over!} Qf5 $2 (15... Rxe5 $8 16. Rxg6 hxg6 {Is Black's best chance,
but holding this would not be easy.}) 16. Rxg7+ $3 Kxg7 17. Rg1+ Kh8 18. Qh6
1-0